Characterization of wastes from natural rubber and rubber wood procssing industries and their utilization for biomethanation (Record no. 74585)

MARC details
000 -LEADER
fixed length control field 00456nam a2200133Ia 4500
100 ## - MAIN ENTRY--AUTHOR NAME
Personal name Jacob Mathew
245 #0 - TITLE STATEMENT
Title Characterization of wastes from natural rubber and rubber wood procssing industries and their utilization for biomethanation
260 ## - PUBLICATION, DISTRIBUTION, ETC. (IMPRINT)
Name of publisher Cochin University of Science and Technology
Place of publication Kochi
Year of publication 1994
300 ## - PHYSICAL DESCRIPTION
Number of Pages 233
500 ## - GENERAL NOTE
General note Course: Ph. D
700 ## - ADDED ENTRY--PERSONAL NAME
Personal name Dr KP Balakrishnan
942 ## - ADDED ENTRY ELEMENTS (KOHA)
Koha item type Theses
Holdings
Withdrawn status Lost status Damaged status Not for loan Collection code Home library Current library Shelving location Date acquired Koha item type
      Theses Thesis RRII Library RRII Library Crop protection 31/12/2021 Theses